| 000 | 005040000a22001930004500 | ||
|---|---|---|---|
| 001 | 003325 | ||
| 003 | MACL | ||
| 005 | 20150814123923.0 | ||
| 008 | 150814b xxu||||| |||| 00| 0 eng d | ||
| 040 |
_aMACL _cMACL |
||
| 041 | _aEnglish | ||
| 082 | _a410/MAJ | ||
| 100 |
_aMajumdar, Paresh Chandra _95550 |
||
| 245 |
_aThe Eastern Aryan Languages New Perspectives _cParesh Chandra Majumdar |
||
| 260 |
_aCalcutta _c2004 _bPapyrus, |
||
| 350 | _a250 | ||
| 650 |
_aLinguistic _95552 |
||
| 942 |
_k410 _cBK _2ddc |
||
| 999 |
_c15228 _d15228 |
||